LEADER 02852oam 2200649I 450 001 9910457710903321 005 20200520144314.0 010 $a1-138-18048-3 010 $a1-135-71892-X 010 $a1-280-15139-0 010 $a9786610151394 010 $a0-203-99008-0 024 7 $a10.4324/9780203990087 035 $a(CKB)1000000000349672 035 $a(EBL)235178 035 $a(OCoLC)70746715 035 $a(SSID)ssj0000148895 035 $a(PQKBManifestationID)11155518 035 $a(PQKBTitleCode)TC0000148895 035 $a(PQKBWorkID)10225810 035 $a(PQKB)11783390 035 $a(MiAaPQ)EBC235178 035 $a(Au-PeEL)EBL235178 035 $a(CaPaEBR)ebr10093784 035 $a(CaONFJC)MIL15139 035 $a(EXLCZ)991000000000349672 100 $a20180331d1995 uy 0 101 0 $aeng 135 $aur|n|---||||| 181 $ctxt 182 $cc 183 $acr 200 00$aEquity in mathematics education $einfluences of feminism and culture /$fedited by Pat Rogers and Gabriele Kaiser 210 1$aLondon ;$aWashington, D.C. :$cFalmer Press,$d1995. 215 $a1 online resource (290 p.) 300 $aDescription based upon print version of record. 311 $a0-7507-0400-4 311 $a0-7507-0401-2 320 $aIncludes bibliographical references and index. 327 $aBook Cover; Half-Title; Dedication; Title; Copyright; Contents; Acknowledgments; Chapter 1 Introduction: Equity in Mathematics Education; Part 1 Effecting Change; Part 2 The Cultural Context; Part 3 Feminist Pedagogy in Mathematics Education; Notes on Contributors; Index 330 $aThis text provides a critical overview of current thinking about equity issues in the teaching and learning of mathematics. Grounded in feminist theories of curriculum change and a broad range of cultural perspectives, the new approaches described here go beyond ""special programmes"" and ""experimental treatments"" designed to correct perceived problems and deficits. Instead they establish how improved instructional practices and a fuller understanding of the nature of the mathematical enterprise can overcome the systemic obstacles that have thwarted women's participation in this important fi 606 $aWomen in mathematics 606 $aMathematical ability$xSex differences 606 $aMathematics$xStudy and teaching$zUnited States 608 $aElectronic books. 615 0$aWomen in mathematics. 615 0$aMathematical ability$xSex differences. 615 0$aMathematics$xStudy and teaching 676 $a510/.7 701 $aRogers$b Pat$0168605 701 $aKaiser$b Gabriele$0853517 801 0$bFlBoTFG 801 1$bFlBoTFG 906 $aBOOK 912 $a9910457710903321 996 $aEquity in mathematics education$91916801 997 $aUNINA LEADER 03689oam 2200673zu 450 001 9910830411003321 005 20230617031157.0 010 $a1-280-55674-9 010 $a9786610556748 010 $a0-471-65642-9 010 $a0-471-65643-7 035 $a(CKB)1000000000018970 035 $a(SSID)ssj0000291095 035 $a(PQKBManifestationID)11232781 035 $a(PQKBTitleCode)TC0000291095 035 $a(PQKBWorkID)10249040 035 $a(PQKB)10788770 035 $a(MiAaPQ)EBC4957770 035 $a(Au-PeEL)EBL4957770 035 $a(CaONFJC)MIL55674 035 $a(OCoLC)85820209 035 $a(EXLCZ)991000000000018970 100 $a20160829d2004 uy 101 0 $aeng 135 $aurcnu|||||||| 181 $ctxt 182 $cc 183 $acr 200 00$aCell cycle and growth control : biomolecular regulation and cancer 205 $a2nd ed. 210 31$a[Place of publication not identified]$cWiley Liss$d2004 215 $a1 online resource (802 pages) 300 $aBibliographic Level Mode of Issuance: Monograph 311 $a0-471-25071-6 330 $aThe groups of specialized cells that make up the various human tissues depend on an intricate communication network to regulate gene expression that in turn mediates growth, cell--type specific function, division, and programmed cell death. This network consists of extracellular signals interacting with the receptors of individual cells and determining the fate of each. Since this regulatory system plays a critical role in complex tissue, aberrations or malfunctions often accompany the onset and progression of cancer. Cell Cycle and Growth Control: Biomolecular Regulation and Cancer, Second Edition provides a solid basis for understanding cell cycle and growth control as it relates to biological regulation, with a special emphasis on examining these processes in the context of cancer.; Newly updated with the latest significant advances, this Second Edition features: Cutting--edge applications in clinical diagnostics and therapeutics Focus on mechanisms mediating the control of proliferation Numerous clear illustrations Extensive bibliography Well--recognized, expert chapter authors Video clips on accompanying Web site showing cell cycle control Cell Cycle and Growth Control, Second Edition offers both an introduction to important concepts and detailed discussion of regulatory mechanisms at the cellular, biochemical, genetic, and molecular levels. The only book to comprehensively cover both the foundations and cutting--edge advances in understanding cell cycle and growth control, this text also contains an expert perspective on innovative strategies for cancer treatment, making it a vital companion for researcher and clinician alike. 606 $aCell Cycle$xphysiology 606 $aMutagenesis$xphysiology 606 $aCell Death$xphysiology 606 $aCell Transformation, Neoplastic 606 $aGenomic Instability 606 $aCytology$2HILCC 606 $aBiology$2HILCC 606 $aHealth & Biological Sciences$2HILCC 615 12$aCell Cycle$xphysiology. 615 22$aMutagenesis$xphysiology. 615 22$aCell Death$xphysiology. 615 22$aCell Transformation, Neoplastic. 615 22$aGenomic Instability. 615 7$aCytology 615 7$aBiology 615 7$aHealth & Biological Sciences 676 $a571.84 702 $aPardee$b Arthur B$g(Arthur Beck),$f1921- 702 $aStein$b Gary S 801 0$bPQKB 906 $aBOOK 912 $a9910830411003321 996 $aCell cycle and growth control : biomolecular regulation and cancer$93916323 997 $aUNINA